• 首页
  • 本馆介绍
  • 公告通知
  • 最新文献
  • 馆藏检索
  • 电子资源
  • 读者导购
  • 参考咨询
  • 我的图书馆
  • 登录
  • 详细信息显示
  • 放入我的书架
  • 预约/预借图书
  • 作者相关作品
  • 分类相关作品
  • 丛书相关作品
  • 出版社相关作品

书目信息

  • 表格格式
  • 工作单格式
  • 卡片格式
题名:
图说邓小平理论
    
 
作者: 胡福生 主编
分册:  
出版信息: 兰州   甘肃人民出版社  1998
页数: 157页
开本: 20cm
丛书名:
单 册:
中图分类: D2-0 , A849-64
科图分类:
主题词: 邓小平理论--图解 , 邓小平理论 , 毛泽东著作--学习 , 毛泽东著作研究
电子资源:
ISBN: 7-226-01976-0
000 00764nam0 2200277 450
001 1239755281
005 20120929110505.04
010    @a7-226-01976-0@b道林纸本@dCNY20.00
010    @a7-226-01977-9@dCNY12.00
100    @a20021005d1998 em y0chiy0110 ea
101 0  @achi
102    @aCN@b620000
105    @af z 000yy
106    @ar
200 1  @a图说邓小平理论@Atu shuo deng xiao ping li lun@f胡福生主编
210    @a兰州@c甘肃人民出版社@d1998
215    @a157页@d20cm
606 0  @a邓小平理论@x图解
606 0  @a邓小平理论
606 0  @a毛泽东著作@x学习
606 0  @a毛泽东著作研究
690    @aD2-0@v3
690    @aA849-64@v4
701  0 @a胡福生@Ahu fu sheng@4主编
801  0 @aCN@bNLC@c19990126
905    @a10447@dA849-64@eJY3
    
    图说邓小平理论/胡福生主编 .-兰州:甘肃人民出版社,1998
    157页;20cm
    
    
    ISBN 7-226-01976-0(道林纸本):CNY20.00
    
●
相关链接 在E读中查询图书 在五车中查询图书 在当当中查询图书 在豆瓣中查询图书


正题名:图说邓小平理论     索取号:A849-64/JY3         预约/预借

序号 登录号 条形码 馆藏地/架位号 状态 备注
1 7809545   278095455   学院路分馆/ [索取号:A849-64/JY3] 在馆    
2 7809546   278095464   学院路分馆/ [索取号:A849-64/JY3] 在馆    
唐山师范学院图书馆 欢迎您!
大连网信软件有限公司© 版权所有